000 00831nam a22002537a 4500
001 11016
003 BD-RjUL
005 20211208235045.0
008 140126s1962 -uk||||| |||| 00| 0 eng d
035 _a(BD-RjUL)11065
040 _aBD-RjUL
_beng
_cBD-RjUL
_dBD-RjUL
041 _aeng
082 0 4 _a 551.6
_bTRE 1962
100 1 _aTrewartha, Glenn Thomas.
_934040
245 1 0 _aThe Earth's problem climates /
_cby Glenn t. trewarthh
260 _aLondon :
_bMadison, University of Wisconsin Press,
_c1962.
300 _a vi, 334 p. :
_bcharts, diagrs.
_c26 cm.
504 _aIncludes index
650 0 _aClimatology.
_934041
650 0 _aClimatologia.
_9312
650 0 _a Climatologie.
_9313
856 _uhttp://www.worldcat.org/title/earths-problem-climates/oclc/313558&referer=brief_results
942 _2ddc
_cBK
999 _c11016
_d11016